| 000 | 01090nam0a22002891 4500 | ||
|---|---|---|---|
| 001 | v19\rc\1419237 | ||
| 005 | 20250618111030.0 | ||
| 035 | _a(NLR Aleph) 004546287 | ||
| 090 |
_a2077974 _c2077974 |
||
| 100 | _a20060512e18831883|||y0rusy50 ca | ||
| 101 | 0 | _arus | |
| 102 | _aRU | ||
| 105 | _ay z ||||| | ||
| 200 | 1 |
_aНачало русского театра и взгляд на его дальнейшее развитие _eСт. Петра Владимирова |
|
| 210 |
_aЕкатеринбург _cтип. "Екатеринбург. недели" _d1883 |
||
| 215 |
_a13 с. _d18 |
||
| 309 | _aБез тит. л. | ||
| 311 | _aПерепеч. из "Екатеринбург. недели" | ||
| 488 | 0 |
_12001#$aЕкатеринбургская неделя _tЕкатеринбургская неделя |
|
| 700 | 1 |
_aВладимиров _bП.В. _f1854-1902 _gПетр Владимирович |
|
| 801 | 0 |
_aRU _bNLR _gpsbo |
|
| 801 | 0 |
_aRU _bRuMoRGB _2psbo |
|
| 801 | 1 |
_aRU _bProSoft-M _2rusmarc |
|
| 852 |
_aNLR _j18.151.6.224 |
||
| 899 | _aГПИБ | ||
| 942 | _cBOOK | ||
| 980 | _aNB | ||